Normal view
MARC view
- Gupta, Anoop
Entry Personal Name
001 - CONTROL NUMBER
- control field: 24969
003 - CONTROL NUMBER IDENTIFIER
- control field: IN-BhIIT
005 - DATE AND TIME OF LATEST TRANSACTION
- control field: 20241210161819.0
008 - FIXED-LENGTH DATA ELEMENTS
- fixed length control field: 241210|| aca||aabn | a|a d
040 ## - CATALOGING SOURCE
- Original cataloging agency: IN-BhIIT
- Transcribing agency: IN-BhIIT
100 ## - HEADING--PERSONAL NAME
- Personal name: Gupta, Anoop
670 ## - SOURCE DATA FOUND
- Source citation: Work cat.: (IN-BhIIT)14522: Culler, David E. Author 24966, Parallel computer architecture :, c1999.